000 00323nam a2200157Ia 4500
100 _aLaxman/R.K
650 _aFiction
942 _cBK
366 _f17.5
245 _aThe tunnel of time:Autobiography
260 _bPenguin Books
_c1998
082 _a920/LAX
_bLAX
300 _a236
546 _aENGLISH
999 _c35044
_d35044